|
|
|
|
| LEADER |
00000naa2a2200000 4500 |
| 001 |
603735 |
| 005 |
20260204131746.0 |
| 035 |
|
|
|a (RuTPU)RU\TPU\conf\934
|
| 035 |
|
|
|a RU\TPU\conf\932
|
| 090 |
|
|
|a 603735
|
| 100 |
|
|
|a 20140204d2013 k y0rusy50 ba
|
| 101 |
0 |
|
|a ger
|
| 102 |
|
|
|a RU
|
| 135 |
|
|
|a drcn ---uucaa
|
| 181 |
|
0 |
|a i
|
| 182 |
|
0 |
|a b
|
| 200 |
1 |
|
|a Zur frage der Fforschung von Synthese Semicarbazon
|d К вопросу о исследовании синтеза семикарбазона
|f S. K. Muhametzhanova
|g sci. adv. V. V. Shtrykova
|
| 203 |
|
|
|a Текст
|c электронный
|
| 215 |
|
|
|a 1 файл(446 Кб)
|
| 225 |
1 |
|
|a Химия
|
| 300 |
|
|
|a Заглавие с экрана
|
| 320 |
|
|
|a [Библиогр.: с. 399 (6 назв.)]
|
| 330 |
|
|
|a Данная статья посвящена получению семикарбазонов. Подробно описываются химические и физические свойства семикарбазонов. Большое внимание уделяется методикам получения. Практическим методом определена оптимальная методика.
|
| 337 |
|
|
|a Adobe Reader
|
| 463 |
|
1 |
|0 (RuTPU)RU\TPU\conf\715
|t Перспективы развития фундаментальных наук
|l Prospects of fundamental sciences development
|o сборник научных трудов X Международной конференция студентов и молодых ученых, г. Томск, 23-26 апреля 2013 г.
|f Национальный исследовательский Томский политехнический университет (ТПУ) ; ред. коллегия Е. А. Вайтулевич ; Г. А. Лямина ; Г. А. Воронова ; М. Е. Семенов ; А. В. Устинов ; Н. С. Пушилина
|v [С. 397-399]
|d 2013
|
| 510 |
1 |
|
|a К вопросу о исследовании синтеза семикарбазона
|z rus
|
| 610 |
1 |
|
|a электронный ресурс
|
| 610 |
1 |
|
|a труды учёных ТПУ
|
| 610 |
1 |
|
|a синтез
|
| 610 |
1 |
|
|a семикарбазон
|
| 700 |
|
1 |
|a Muhametzhanova
|b S. K.
|
| 702 |
|
1 |
|a Shtrykova
|b V. V.
|c chemist
|c Associate professor of Tomsk Polytechnic University, Candidate of chemical sciences
|f 1962-
|g Viktoriya Viktorovna
|4 695
|
| 712 |
0 |
2 |
|a Национальный исследовательский Томский политехнический университет (ТПУ)
|b Институт физики высоких технологий (ИФВТ)
|b Кафедра биотехнологии и органической химии (БИОХ)
|3 (RuTPU)RU\TPU\col\18693
|
| 801 |
|
1 |
|a RU
|b 63413507
|c 20101016
|
| 801 |
|
2 |
|a RU
|b 63413507
|c 20230324
|g RCR
|
| 856 |
4 |
|
|u http://www.lib.tpu.ru/fulltext/c/2013/C21/132.pdf
|
| 942 |
|
|
|c CF
|